<?xml version="1.0" encoding="UTF-8"?><?xml-stylesheet type="text/xsl" href="static/style.xsl"?><OAI-PMH xmlns="http://www.openarchives.org/OAI/2.0/" xmlns:xsi="http://www.w3.org/2001/XMLSchema-instance" xsi:schemaLocation="http://www.openarchives.org/OAI/2.0/ http://www.openarchives.org/OAI/2.0/OAI-PMH.xsd"><responseDate>2026-06-03T03:57:39Z</responseDate><request verb="GetRecord" identifier="oai:riuma.uma.es:10630/27316" metadataPrefix="marc">https://riuma.uma.es/rest/oai/request</request><GetRecord><record><header><identifier>oai:riuma.uma.es:10630/27316</identifier><datestamp>2026-02-03T11:16:07Z</datestamp><setSpec>com_10630_2254</setSpec><setSpec>col_10630_37953</setSpec></header><metadata><record xmlns="http://www.loc.gov/MARC21/slim" xmlns:dcterms="http://purl.org/dc/terms/" xmlns:doc="http://www.lyncode.com/xoai" xmlns:xsi="http://www.w3.org/2001/XMLSchema-instance" xsi:schemaLocation="http://www.loc.gov/MARC21/slim http://www.loc.gov/standards/marcxml/schema/MARC21slim.xsd">
   <leader>00925njm 22002777a 4500</leader>
   <datafield ind2=" " ind1=" " tag="042">
      <subfield code="a">dc</subfield>
   </datafield>
   <datafield ind2=" " ind1=" " tag="720">
      <subfield code="a">Pañagua-Domínguez, Laura Andrea</subfield>
      <subfield code="e">author</subfield>
   </datafield>
   <datafield ind2=" " ind1=" " tag="720">
      <subfield code="a">Martín-Alonso, Diego</subfield>
      <subfield code="e">author</subfield>
   </datafield>
   <datafield ind2=" " ind1=" " tag="720">
      <subfield code="a">Blanco-García, Nieves</subfield>
      <subfield code="e">author</subfield>
   </datafield>
   <datafield ind2=" " ind1=" " tag="260">
      <subfield code="c">2021-07-27</subfield>
   </datafield>
   <datafield ind2=" " ind1=" " tag="520">
      <subfield code="a">En este artículo abordamos el valor formativo de la escritura de relatos de aula para el desarrollo de saberes&#xd;
experienciales en docentes en formación. Hemos llevado a cabo este estudio durante tres años junto a seis estudiantes del grado de Educación Primaria en sus asignaturas de prácticas profesionales, centrándonos en la escritura de relatos a partir de sus vivencias en las escuelas. El propósito es conocer de qué manera la escritura de relatos de aula: i) favorece en los estudiantes el conocimiento de sus ideas pedagógicas; ii) promueve la reflexión sobre cuestiones pedagógicas relevantes; iii) posibilita el desarrollo de un pensamiento propio sobre la educación. Metodológicamente se trata de una investigación con modalidad de auto-estudio, realizando observaciones, entrevistas y el análisis de los relatos elaborados por los estudiantes. En los resultados identificamos tres momentos que posibilitan el desarrollo de saberes experienciales: a) narrar la vivencia de un suceso movilizador; b) reflexionar sobre lo vivido; y c) pensar pedagógicamente, tomando en&#xd;
consideración las situaciones narradas. Concluimos observando la potencialidad formativa de escribir relatos&#xd;
de aula, ya que estos ayudan a profundizar narrativamente la educación, permitiendo el desarrollo de un pensamiento reflexivo con capacidad para captar aspectos relevantes de la vida en las aulas.</subfield>
   </datafield>
   <datafield ind1="8" ind2=" " tag="024">
      <subfield code="a">Pañagua, L., Martín-Alonso, D., &amp; Blanco, N. (2021). Desarrollo de saberes experienciales y escritura de relatos en la formación docente. Revista Interuniversitaria De Formación Del Profesorado. Continuación De La Antigua Revista De Escuelas Normales, 96(35.2). https://doi.org/10.47553/rifop.v97i35.2.87363</subfield>
   </datafield>
   <datafield ind1="8" ind2=" " tag="024">
      <subfield code="a">https://hdl.handle.net/10630/27316</subfield>
   </datafield>
   <datafield ind1="8" ind2=" " tag="024">
      <subfield code="a">10.47553/rifop.v97i35.2.87363</subfield>
   </datafield>
   <datafield tag="653" ind2=" " ind1=" ">
      <subfield code="a">Profesores - Formación profesional</subfield>
   </datafield>
   <datafield ind2="0" ind1="0" tag="245">
      <subfield code="a">Desarrollo de saberes experienciales y escritura de relatos en la formación docente.</subfield>
   </datafield>
</record>
</metadata></record></GetRecord></OAI-PMH>